Estrategias de gestión de marca y su incidencia en la competitividad de la Institución educativa CDPAC, en el municipio y departamento de Ahuachapán, durante el periodo comprendido de enero a agosto del 2023 (Registro nro. 12494)

Detalles MARC
000 -LEADER
fixed length control field 00849nam a2200205Ia 4500
005 - FECHA Y HORA DE LA ÚLTIMA TRANSACCIÓN
control field 20240821134457.0
008 - FIXED-LENGTH DATA ELEMENTS--GENERAL INFORMATION
fixed length control field 240818s9999 xx 000 0 und d
040 ## - CATALOGING SOURCE
Original cataloging agency UPAN
Transcribing agency Biblioteca San Vicente
Description conventions RCAA2
041 ## - LANGUAGE CODE
Language code of text/sound track or separate title spa
082 ## - DEWEY DECIMAL CLASSIFICATION NUMBER
Classification number 659
Item number Alf
año de publicación 2023
100 ## - MAIN ENTRY--PERSONAL NAME
Personal name Alfaro Cruz, Blanca Lizeth
Relator code aut.
245 #0 - TITLE STATEMENT
Title Estrategias de gestión de marca y su incidencia en la competitividad de la Institución educativa CDPAC, en el municipio y departamento de Ahuachapán, durante el periodo comprendido de enero a agosto del 2023
260 ## - PUBLICATION, DISTRIBUTION, ETC. (IMPRINT)
Place of publication, distribution, etc Ahuachapán:
Name of publisher, distributor, etc Universidad Panamericana,
Date of publication, distribution, etc 2023
300 ## - PHYSICAL DESCRIPTION
Extent 231 p.;
Dimensions 28 cm.
650 ## - SUBJECT ADDED ENTRY--TOPICAL TERM
Source of heading or term LEMB
Topical term or geographic name as entry element Estrategias
General subdivision Gestión de marca
700 ## - ADDED ENTRY--PERSONAL NAME
Personal name Alvarenga Laínez, Elving Alexis;
Relator code aut.
700 ## - ADDED ENTRY--PERSONAL NAME
Personal name Fuentes Juárez, Diana Marcela;
Relator code aut.
700 ## - ADDED ENTRY--PERSONAL NAME
Personal name Galicia Portillo, Brenda Ivon
Relator code aut.
942 ## - ADDED ENTRY ELEMENTS (KOHA)
Koha item type Libros
Source of classification or shelving scheme Dewey Decimal Classification
Existencias
Withdrawn status Lost status Source of classification or shelving scheme Damaged status Not for loan Collection code Home library Current library Date acquired Total Checkouts Full call number Barcode Date last seen Copy number Price effective from Koha item type
    Dewey Decimal Classification     Tesario Biblioteca UPAN San Vicente Biblioteca UPAN San Vicente 18/08/2024   659 Alf 12102306 18/08/2024 01 18/08/2024 Trabajos de Grado